000 00847cab a2200241 4500
001 ABS50782
008 090401t1994 xxu||||| |||| 00| 0 eng d
035 _a(Sirsi) u44843
041 _aeng
100 _aPrice, J.
245 _aTwo days in the life of a mediator
260 _c1994
350 _a0
490 _aCSM (Chartered Surveyor Monthly)
_v3(9) June 1994, 48-49(2)
520 _aCase study of a construction industry mediation used in a substantial dispute between main contractor and a subcontractor on a building project.
650 _aALTERNATIVE DISPUTE RESOLUTION
650 _aCONSTRUCTION DISPUTES
650 _aDISPUTE RESOLUTION
_96236
650 _aMEDIATION
690 _aMANAGEMENT-DISPUTE AVOIDANCE, MANAGEMENT AND RESOLUTION-DISPUTE MANAGEMENT AND RESOLUTION-ARBITRATION
942 _n0
948 _c04/03/1997
999 _c28494
_d28494